Комплексні наукові дослідження та реставрація в'їзної брами замку князів Острозьких у Старокостянтинові (Запис № 413493)

МАРК-запис
000 -LEADER
fixed length control field 01088caa a22002537a 4500
001 - CONTROL NUMBER
control field 136983
003 - CONTROL NUMBER IDENTIFIER
control field UA-OsUOA
005 - DATE AND TIME OF LATEST TRANSACTION
control field 20200213104907.0
007 - PHYSICAL DESCRIPTION FIXED FIELD--GENERAL INFORMATION
fixed length control field ta
008 - FIXED-LENGTH DATA ELEMENTS--GENERAL INFORMATION
fixed length control field 20190417b un ||||| |||| 00| 0 ukr d
040 ## - CATALOGING SOURCE
Original cataloging agency UA-OsUOA
Language of cataloging ukr
Transcribing agency UA-OsUOA
Modifying agency UA-OsUOA
041 ## - LANGUAGE CODE
Language code of text/sound track or separate title ukr
080 ## - UNIVERSAL DECIMAL CLASSIFICATION NUMBER
Universal Decimal Classification number 908
090 ## - LOCALLY ASSIGNED LC-TYPE CALL NUMBER (OCLC); LOCAL CALL NUMBER (OCLC)
Classification number (OCLC) (R) ; Classification number, CALL (RLIN) (NR) 908
Local cutter number (OCLC) ; Book number/undivided call number, CALL (RLIN) Л84
100 ## - MAIN ENTRY--PERSONAL NAME
Personal name Лук'янченко В.
245 ## - TITLE STATEMENT
Title Комплексні наукові дослідження та реставрація в'їзної брами замку князів Острозьких у Старокостянтинові
Statement of responsibility, etc В. Лук'янченко, О. Збруцький
300 ## - PHYSICAL DESCRIPTION
Extent С. 260–268
650 #7 - SUBJECT ADDED ENTRY--TOPICAL TERM
Topical term or geographic name as entry element 908 Краєзнавство
Source of heading or term UDC
700 ## - ADDED ENTRY--PERSONAL NAME
Personal name Збруцький О.
773 0# - HOST ITEM ENTRY
Host Biblionumber 396924
Host Itemnumber 415561
Place, publisher, and date of publication Хмельницький Поліграфіст-2 2014
Other item identifier 147762
Title Славутчина та Правобережна Україна в історії України
Record control number (UA-OsUOA) 110826
International Standard Book Number 978-966-1502-76-4
942 ## - ADDED ENTRY ELEMENTS (KOHA)
Koha item type Складова частина документа
Source of classification or shelving scheme Universal Decimal Classification
955 ## - COPY-LEVEL INFORMATION (RLIN)
Classification number, CCAL (RLIN) Наукові видання

Немає доступних примірників.